000
00335 a2200157 4500
001
167428
020
_a
040
_c
Magnum
100
_a
Gadotti, Moacir
240
1
0
_a
Pedagogia: dialogo e conflito
_l
por
245
1
0
_a
Pedagogia: dialogo e conflito
362
0
_a
1899
440
1
_a
Cortez
697
_a
PEDAGOGIA
942
_c
BK
999
_c
167428
_d
167428